000 00427nam a2200145Ia 4500
008 100204s9999 xx 000 0 und d
082 _b14661
100 _aरानडे जयंत
245 _aडबल मर्डर
260 _b"पुजा प्रकाशन , मुंबई"
_c1989
300 _a180
630 _aडबल मर्डर
730 _aडबल मर्डर
942 _cBOOK
999 _c459092
_d459089